000 01706nam0a2200361 4500
001 RU\NLR\BIBL_A\022724792
005 20260409111133.0
010 _a978-5-00255-251-1
_9120
021 _aRU
_bКН-П-25-077609
_9КН-П-25-7527
035 _a(NLR Aleph) 022724792
090 _a13653974
_c13653974
100 _a20260211d2025 u y0rusy50 ca
101 0 _arus
102 _aRU
105 _aac z 000zy
181 0 _ai3
_baxxe
182 0 _an
200 1 _aТам, где земля встречается с небом
_e[записки паломника]
_fВера Сытник
_gПетропавловский храмовый комплекс в г. Ессентуки
203 _aТекст
_bвизуальный
_cнепосредственный
210 _aНовокузнецк
_cСоюз писателей
_d2025
215 _a255 с.
_cил., цв. ил., цв. портр.
_d22
320 _aБиблиогр. в тексте
333 _a12+
601 0 2 _aХрамовый комплекс первоверховных апостолов Петра и Павла
_cЕссентуки, город; Ставропольский край
_92704526
_3RU\NLR\AUTH\6601768973
686 2 _aЭ372.24-655.11
700 1 _aСытник
_bВ. В.
_cписатель
_f1959-
_gВера Владимировна
_9183552
_3RU\NLR\AUTH\770183603
712 0 2 _4570
_aХрамовый комплекс первоверховных апостолов Петра и Павла
_cЕссентуки
_92697780
_3RU\NLR\AUTH\880638929
942 _cBOOK
980 _aNB